| 000 | 00891cam a22002774a 4500 | ||
|---|---|---|---|
| 001 | 2753 | ||
| 005 | 20240112114218.0 | ||
| 020 | _a9780545600323 | ||
| 040 |
_aDLC _cDLC _deng |
||
| 050 | 0 | 0 |
_aHQ1412 _b.L34 2012 |
| 082 | 0 | 0 |
_a362.4/1092 _aB _223 |
| 100 | 1 |
_aLambert, Joseph _d1984- |
|
| 245 | 1 | 4 |
_aAnnie Sullivan and the trials of Helen Keller / _cby Joseph Lambert |
| 260 |
_aNew York : _bScholastic, _c2012 |
||
| 300 |
_a92 pages ; _bcolor illustrations ; _c25 cm |
||
| 505 | _aM | ||
| 520 | _aThe story of Annie Sullivan and Helen Keller presented in graphic format. | ||
| 521 |
_a630 _bLexile |
||
| 521 |
_aM _bRaz-Plus |
||
| 650 | 0 |
_aWomen _zUnited States _vBiography. |
|
| 650 | 0 |
_aWomen _zUnited States _xHistory. |
|
| 650 | 0 |
_aFemale friendship _zUnited States _xHistory. |
|
| 650 | 0 | _aGraphic novels. | |
| 906 |
_a7 _bcbc _corignew _d1 _eecip _f20 _gy-gencatlg |
||
| 942 |
_2ddc _cBK _n0 |
||
| 999 |
_c2753 _d2753 |
||